| Tag |
First Indicator |
Second Indicator |
Subfields |
| LEADER |
00000cam a2200000 4500 |
| 001 |
in00004469293 |
| 005 |
20191202143016.0 |
| 008 |
710504s1971 nyuaf b 001 0 eng |
| 010 |
|
|
|a 75142967
|
| 016 |
7 |
|
|a 1264224
|2 DNLM
|
| 019 |
|
|
|a 70256570
|
| 020 |
|
|
|a 0070211957
|
| 020 |
|
|
|a 9780070211957
|
| 029 |
1 |
|
|a NLM
|b 1264224
|
| 035 |
|
|
|a (OCoLC)ocm00135670
|
| 035 |
|
|
|a (OCoLC)135670
|z (OCoLC)70256570
|
| 035 |
|
|
|z (UtOrBLW)10943
|
| 035 |
|
|
|a 20365
|
| 040 |
|
|
|a DLC
|c DLC
|d COU
|d OCL
|d NLM
|d BTCTA
|d OCLCG
|d OCLCA
|d ZWZ
|d DEBBG
|d TMV
|d UtOrBLW
|
| 049 |
|
|
|a TMVM
|c 1
|
| 050 |
1 |
0 |
|a RL71
|b .D46
|
| 060 |
0 |
0 |
|a WR 100
|b D438 1971
|
| 082 |
0 |
0 |
|a 616.5
|
| 084 |
|
|
|a YF 1601
|2 rvk
|
| 245 |
0 |
0 |
|a Dermatology in general medicine /
|c editors, Thomas B. Fitzpatrick [and others].
|
| 264 |
|
1 |
|a New York :
|b McGraw-Hill,
|c [1971]
|
| 264 |
|
4 |
|c ©1971
|
| 300 |
|
|
|a xix, 2048 pages, 40 pages of plates :
|b illustrations, (some color) ;
|c 26 cm.
|
| 336 |
|
|
|a text
|2 rdacontent
|b txt
|
| 337 |
|
|
|a unmediated
|2 rdamedia
|
| 338 |
|
|
|a volume
|2 rdacarrier
|b nc
|
| 500 |
|
|
|a "A Blakiston publication."
|
| 504 |
|
|
|a Includes bibliographical references and index.
|
| 650 |
|
0 |
|a Dermatology.
|
| 650 |
|
0 |
|a Cutaneous manifestations of general diseases.
|
| 650 |
|
2 |
|a Skin Diseases.
|
| 650 |
|
2 |
|a Skin Manifestations.
|
| 700 |
1 |
|
|a Fitzpatrick, Thomas B.
|q (Thomas Bernard),
|d 1919-2003.
|
| 999 |
|
|
|a MARS
|
| 999 |
f |
f |
|s 1bc45348-5772-3d58-a473-615ca984c53c
|i 52e5a95b-5b6b-3d56-8a75-e4434580843e
|t 0
|
| 952 |
f |
f |
|p ric
|a Texas A&M University
|b Rellis Campus
|c Joint Library Facility
|d Remote Storage
|t 0
|e WR 100 D44 1971
|h National Library of Medicine classification
|i unmediated -- volume
|m 3238902148917
|
| 998 |
f |
f |
|a WR 100 D44 1971
|t 0
|l Remote Storage
|